Vychovávame tvorivého človeka

Enregistré dans:
Détails bibliographiques
Format: Livre
Langue:slovaque
Publié: Bratislava Slovenské pedagogické nakladateľstvo 1986
Tags: Ajouter un tag
Pas de tags, Soyez le premier à ajouter un tag!

MARC

LEADER 00000nam a2200000 4500
001 c104190
005 20250818120249.8
041 0 |a slo 
044 |a SK 
245 1 0 |a Vychovávame tvorivého človeka  |c Miroslav Matuščák 
264 1 |a Bratislava  |b Slovenské pedagogické nakladateľstvo  |c 1986 
300 |a 127 s.